[Event "Liga Insular Gran Canaria 1a"]
[Site "Las Palmas"]
[Date "2019.04.27"]
[Round "6.4"]
[White "Gutierrez Diaz, Kevin"]
[Black "Diaz Medina, Angelo"]
[Result "1-0"]
[WhiteElo "1734"]
[BlackElo "1580"]
[PlyCount "53"]
[EventDate "2019.03.02"]
[EventType "team-tourn"]
[EventRounds "7"]
[EventCountry "ESP"]
[SourceTitle "EXT 2021"]
[Source "ChessBase"]
[SourceDate "2020.10.23"]
[SourceVersion "1"]
[SourceVersionDate "2020.10.23"]
[SourceQuality "1"]
[WhiteTeam "Sociedad La Montana II"]
[BlackTeam "Fundacion La Caja de Canarias II"]
[WhiteTeamCountry "ESP"]
[BlackTeamCountry "ESP"]

1. d4 d5 2. c4 e6 3. Nc3 Nf6 4. Nf3 c6 5. Bg5 Nbd7 6. e3 Qa5 7. Bxf6 Nxf6 8. Nd2 dxc4 9. Nxc4 Qc7 10. Be2 Be7 11. 0-0 0-0 12. Rc1 Nd7 13. Re1 e5 14. d5 Bc5 15. d6 Qd8 16. a3 b5 17. b4 Bb6 18. Nxb6 Nxb6 19. Ne4 f5 20. Nc5 Nd5 21. Bxb5 Qxd6 22. Bc4 Be6 23. Qc2 Rac8 24. Nxe6 Qxe6 25. e4 fxe4 26. Qxe4 Rfe8 27. f4 1-0

[Event "Las Palmas Insular-chT Segunda 1718"]
[Site "Las Palmas"]
[Date "2018.01.20"]
[Round "6.2"]
[White "Gutierrez Diaz, Kevin"]
[Black "Sanchez Aleman, Antonio"]
[Result "1-0"]
[WhiteElo "1779"]
[BlackElo "1535"]
[PlyCount "33"]
[EventDate "2017.10.28"]
[EventType "team-swiss"]
[EventRounds "9"]
[EventCountry "ESP"]
[SourceTitle "EXT 2019"]
[Source "ChessBase"]
[SourceDate "2018.10.10"]
[SourceVersion "1"]
[SourceVersionDate "2018.10.10"]
[SourceQuality "1"]
[WhiteTeam "Sociedad La Montana II"]
[BlackTeam "Hotel Avda de Canarias IV"]
[WhiteTeamCountry "ESP"]
[BlackTeamCountry "ESP"]

1. e4 e5 2. Nf3 Nc6 3. Bb5 d6 4. Bxc6+ bxc6 5. d4 Bg4 6. dxe5 Bxf3 7. Qxf3 dxe5 8. 0-0 Nf6 9. Rd1 Qc8 10. b3 Bd6 11. Nd2 0-0 12. Nc4 Re8 13. Bg5 Qe6 14. Bxf6 Qxf6 15. Qxf6 gxf6 16. Nxd6 cxd6 17. Rxd6 1-0

[Event "Las Palmas Insular-chT Pref-A"]
[Site "Las Palmas"]
[Date "2016.03.05"]
[Round "13.2"]
[White "Agejas Garcia, Diego"]
[Black "Gutierrez Diaz, Kevin"]
[Result "0-1"]
[WhiteElo "1564"]
[BlackElo "1667"]
[PlyCount "64"]
[EventDate "2015.10.17"]
[EventType "team-tourn"]
[EventRounds "14"]
[EventCountry "ESP"]
[SourceTitle "EXT 2017"]
[Source "ChessBase"]
[SourceDate "2016.10.25"]
[SourceVersion "1"]
[SourceVersionDate "2016.10.25"]
[SourceQuality "1"]
[WhiteTeam "Telde Los Llanos II"]
[BlackTeam "Sociedad La Montana II"]
[WhiteTeamCountry "ESP"]
[BlackTeamCountry "ESP"]

1. d4 e6 2. Nf3 f5 3. c4 Nf6 4. Nc3 Be7 5. Bf4 0-0 6. e3 d6 7. Bd3 b6 8. e4 fxe4 9. Nxe4 Nxe4 10. Bxe4 d5 11. Bxc7 Qxc7 12. cxd5 Bb7 13. Qb3 Qf4 14. Qc2 Bb4+ 15. Kf1 Bxd5 16. Bxh7+ Kh8 17. Ne5 Qxf2+ 18. Qxf2 Rxf2+ 19. Kxf2 Kxh7 20. a3 Be7 21. Rac1 Bh4+ 22. Kf1 Na6 23. Rg1 Rf8+ 24. Ke2 Rf2+ 25. Kd3 Rxb2 26. g3 Bg5 27. Rc2 Be4+ 28. Kxe4 Rxc2 29. Re1 Bf6 30. Ng4 Nc7 31. Rf1 Nd5 32. h3 Rc3 0-1

[Event "Las Palmas Insular-chT Pref-A"]
[Site "Las Palmas"]
[Date "2015.12.19"]
[Round "7.1"]
[White "Gutierrez Diaz, Kevin"]
[Black "Vega Gutierrez, Belinda Vidina"]
[Result "0-1"]
[WhiteElo "1667"]
[BlackElo "2163"]
[PlyCount "64"]
[EventDate "2015.10.17"]
[EventType "team-tourn"]
[EventRounds "14"]
[EventCountry "ESP"]
[SourceTitle "CBM 170 Extra"]
[Source "ChessBase"]
[SourceDate "2016.02.25"]
[SourceVersion "1"]
[SourceVersionDate "2016.02.25"]
[SourceQuality "1"]
[WhiteTeam "Sociedad La Montana II"]
[BlackTeam "Grandama Santa Lucia"]
[WhiteTeamCountry "ESP"]
[BlackTeamCountry "ESP"]

1. d4 f5 2. c4 Nf6 3. Nc3 g6 4. g3 Bg7 5. Bg2 d6 6. Bg5 c6 7. Qd2 Qb6 8. Nf3 Ne4 9. Qc1 Nxg5 10. Nxg5 Qxd4 11. 0-0 Qxc4 12. e4 0-0 13. exf5 Bxf5 14. Rd1 h6 15. Nf3 Kh7 16. Qe3 Qf7 17. Nh4 Nd7 18. Nxf5 gxf5 19. Re1 e5 20. Rad1 Qf6 21. Bh3 d5 22. f4 d4 23. fxe5 Nxe5 24. Rxd4 Nf3+ 25. Qxf3 Qxd4+ 26. Kg2 f4 27. Re4 Qd2+ 28. Re2 Qc1 29. Qd3+ Kh8 30. Re7 f3+ 31. Kf2 Qxb2+ 32. Ke3 Qxc3 0-1

[Event "Las Palmas Montalvo Memorial 8th"]
[Site "Las Palmas"]
[Date "2015.03.30"]
[Round "1"]
[White "Robin, Samy"]
[Black "Gutierrez Diaz, Kevin"]
[Result "1-0"]
[WhiteElo "2293"]
[BlackElo "1655"]
[PlyCount "51"]
[EventDate "2015.03.30"]
[EventType "swiss"]
[EventRounds "9"]
[EventCountry "ESP"]
[SourceTitle "EXT 2016"]
[Source "ChessBase"]
[SourceDate "2015.10.08"]
[SourceVersion "1"]
[SourceVersionDate "2015.10.08"]
[SourceQuality "1"]

1. d4 f5 2. Nc3 Nf6 3. e4 fxe4 4. f3 e3 5. Bxe3 d5 6. Qd2 e6 7. Bd3 Be7 8. g4 a5 9. g5 Nh5 10. f4 0-0 11. Nge2 b6 12. Ng3 Qe8 13. Be2 Nxg3 14. hxg3 g6 15. 0-0-0 c5 16. dxc5 bxc5 17. Nxd5 Ra7 18. Bc4 Rf7 19. Nxe7+ Rfxe7 20. Bxc5 Red7 21. Qe3 Rxd1+ 22. Rxd1 Rf7 23. Bd4 Nc6 24. Bb5 Bd7 25. Bxc6 Bxc6 26. Qe5 1-0

[Event "Las Palmas Insular-chT Primera-A"]
[Site "Las Palmas"]
[Date "2012.11.10"]
[Round "1.4"]
[White "Gonzalez Rodriguez, Jose Francisco"]
[Black "Gutierrez Diaz, Kevin"]
[Result "1-0"]
[WhiteElo "1885"]
[BlackElo "1610"]
[PlyCount "117"]
[EventDate "2012.11.10"]
[EventType "team-tourn"]
[EventRounds "14"]
[EventCountry "ESP"]
[SourceTitle "EXT 2014"]
[Source "ChessBase"]
[SourceDate "2013.11.20"]
[SourceVersion "1"]
[SourceVersionDate "2013.11.20"]
[SourceQuality "1"]
[WhiteTeam "Piscolabis Oleaje San Andres"]
[BlackTeam "Claudio Mendoza"]
[WhiteTeamCountry "ESP"]
[BlackTeamCountry "ESP"]

1. c4 f5 2. Nc3 Nf6 3. Nf3 e6 4. g3 g6 5. Bg2 Bg7 6. d4 c6 7. 0-0 0-0 8. Bg5 d5 9. Ne5 Nbd7 10. Rc1 Qc7 11. cxd5 exd5 12. Nxd5 Qa5 13. Nc4 Qd8 14. Nxf6+ Nxf6 15. e3 Be6 16. b3 Bd5 17. Bxd5+ Qxd5 18. Bxf6 Bxf6 19. Nd2 Rfe8 20. Rc5 Qd7 21. Qf3 Be7 22. Rc2 Rad8 23. Nc4 Bf6 24. Nb2 Re4 25. Nd3 Qg7 26. Nc5 Ree8 27. Rd1 Qf7 28. Nd3 Qc7 29. d5 Rc8 30. Rdc1 Qd7 31. Nf4 cxd5 32. Qxd5+ Qxd5 33. Nxd5 Rxc2 34. Nxf6+ Kf7 35. Rxc2 Kxf6 36. Rc7 Re7 37. Rxe7 Kxe7 38. Kg2 Ke6 39. Kf3 Ke5 40. Ke2 Ke4 41. f3+ Ke5 42. Kd3 Kd5 43. e4+ fxe4+ 44. fxe4+ Ke5 45. a3 g5 46. Ke3 h6 47. Kd3 b6 48. Ke3 h5 49. Kd3 h4 50. Ke3 a6 51. Kd3 b5 52. b4 Ke6 53. Kd4 Kd6 54. e5+ Ke6 55. Ke4 Ke7 56. Kf5 Kf7 57. Kxg5 Ke6 58. Kf4 hxg3 59. hxg3 1-0

[Event "Arucas op 8th"]
[Site "Arucas"]
[Date "2012.06.19"]
[Round "2"]
[White "Diaz Mendoza, Eladio"]
[Black "Gutierrez Diaz, Kevin"]
[Result "1/2-1/2"]
[WhiteElo "1513"]
[BlackElo "1642"]
[PlyCount "136"]
[EventDate "2012.06.18"]
[EventType "swiss"]
[EventRounds "6"]
[EventCountry "ESP"]
[SourceTitle "CBM 149 Extra"]
[Source "ChessBase"]
[SourceDate "2012.08.24"]
[SourceVersion "1"]
[SourceVersionDate "2012.08.24"]
[SourceQuality "1"]

1. d4 f5 2. b3 Nf6 3. Bb2 d5 4. Nd2 g6 5. Ngf3 Bg7 6. e3 0-0 7. c4 e6 8. c5 c6 9. b4 a6 10. Be2 Ne4 11. 0-0 Nd7 12. Nb3 Qe7 13. Ne1 Qg5 14. Nd3 Ndf6 15. Nf4 Ng4 16. Qd3 Qh4 17. Bxg4 fxg4 18. g3 Qg5 19. Nd2 Nxd2 20. Qxd2 e5 21. dxe5 Bxe5 22. Bxe5 Qxe5 23. Qd4 Qxd4 24. exd4 Bf5 25. Rfe1 Be4 26. a3 Kf7 27. Ra2 g5 28. Ne2 Kg6 29. Nc3 Rae8 30. Rae2 Rf3 31. Re3 Ref8 32. Rxf3 Rxf3 33. Re3 Rxe3 34. fxe3 Kf5 35. Kf2 h5 36. Ne2 Bd3 37. Nc3 h4 38. a4 Bc4 39. a5 Bd3 40. Ke1 Ke6 41. Kd2 Bc4 42. e4 dxe4 43. Nxe4 Bd5 44. Nxg5+ Kf5 45. gxh4 Kg6 46. Ke3 Kh5 47. Kf4 Kxh4 48. Nh7 Kh3 49. Kf5 Bf3 50. Nf6 Be2 51. Kg5 Bf3 52. Kf4 Be2 53. Ke5 Kxh2 54. Nxg4+ Bxg4 55. Kd6 Be2 56. Kc7 Bb5 57. Kxb7 Kg3 58. Kc7 Kf4 59. Kd6 Ke4 60. d5 cxd5 61. c6 Bxc6 62. Kxc6 d4 63. b5 axb5 64. Kxb5 d3 65. a6 d2 66. a7 d1Q 67. a8Q+ Ke3 68. Qe8+ Kd2 1/2-1/2

[Event "Arucas op 8th"]
[Site "Arucas"]
[Date "2012.06.18"]
[Round "1"]
[White "Gutierrez Diaz, Kevin"]
[Black "Sanchez Quintero, Raul"]
[Result "0-1"]
[WhiteElo "1642"]
[BlackElo "2137"]
[PlyCount "50"]
[EventDate "2012.06.18"]
[EventType "swiss"]
[EventRounds "6"]
[EventCountry "ESP"]
[SourceTitle "CBM 149 Extra"]
[Source "ChessBase"]
[SourceDate "2012.08.24"]
[SourceVersion "1"]
[SourceVersionDate "2012.08.24"]
[SourceQuality "1"]

1. d4 d5 2. c4 e6 3. Nf3 Nf6 4. Bg5 Nbd7 5. a3 dxc4 6. e4 h6 7. Bxf6 Nxf6 8. Nc3 b5 9. e5 Nd5 10. Nxb5 Rb8 11. Nxa7 Bd7 12. a4 Bb4+ 13. Nd2 c3 14. bxc3 Nxc3 15. Qc2 0-0 16. Nb5 Bxb5 17. Bxb5 Nxb5 18. axb5 Qxd4 19. Ra4 Bxd2+ 20. Qxd2 Qxa4 21. 0-0 Qxb5 22. Rc1 Qxe5 23. h3 Rfd8 24. Qc2 Rb2 25. Qxc7 Rd1+ 0-1

[Event "Las Palmas Insular-chT Primera-A"]
[Site "Las Palmas"]
[Date "2012.02.11"]
[Round "9.4"]
[White "Gutierrez Diaz, Kevin"]
[Black "Ramirez Maillo, Juan Adonay"]
[Result "0-1"]
[WhiteElo "1638"]
[BlackElo "1489"]
[PlyCount "82"]
[EventDate "2011.11.12"]
[EventType "team-tourn"]
[EventRounds "14"]
[EventCountry "ESP"]
[SourceTitle "EXT 2013"]
[Source "ChessBase"]
[SourceDate "2012.11.22"]
[SourceVersion "1"]
[SourceVersionDate "2012.11.22"]
[SourceQuality "1"]
[WhiteTeam "Claudio Mendoza"]
[BlackTeam "Cajota 64"]
[WhiteTeamCountry "ESP"]
[BlackTeamCountry "ESP"]

1. e4 c5 2. Nf3 d6 3. d4 cxd4 4. Nxd4 Nf6 5. Nc3 g6 6. Bc4 Bg7 7. 0-0 0-0 8. Nf3 Nc6 9. Bg5 Bg4 10. h3 Ne5 11. Be2 Be6 12. Nd4 Bc4 13. f4 Bxe2 14. Qxe2 Qb6 15. Rad1 Nc6 16. Qe3 Nd7 17. e5 dxe5 18. fxe5 Ndxe5 19. Nxc6 Qxe3+ 20. Bxe3 Nxc6 21. Rd7 b6 22. Nd5 Bxb2 23. Nxe7+ Nxe7 24. Rxe7 Rae8 25. Rxe8 Rxe8 26. Bf4 Re2 27. Rd1 Rxc2 28. Rd7 a5 29. Be3 Bf6 30. Bxb6 Rxa2 31. Ra7 a4 32. Bc5 Bb2 33. Ra8+ Kg7 34. Bf8+ Kf6 35. Ra6+ Kf5 36. Kf1 Ke4 37. Ra7 Kd3 38. Rxf7 Bd4 39. g4 g5 40. Rxh7 Rf2+ 41. Ke1 Rxf8 0-1

[Event "Las Palmas Insular-chT Primera-A"]
[Site "Las Palmas"]
[Date "2012.01.14"]
[Round "5.4"]
[White "Gutierrez Diaz, Kevin"]
[Black "Padilla Socorro, Jesus"]
[Result "1/2-1/2"]
[WhiteElo "1638"]
[BlackElo "1751"]
[PlyCount "141"]
[EventDate "2011.11.12"]
[EventType "team-tourn"]
[EventRounds "14"]
[EventCountry "ESP"]
[SourceTitle "EXT 2013"]
[Source "ChessBase"]
[SourceDate "2012.11.22"]
[SourceVersion "1"]
[SourceVersionDate "2012.11.22"]
[SourceQuality "1"]
[WhiteTeam "Claudio Mendoza"]
[BlackTeam "Telde Los Llanos"]
[WhiteTeamCountry "ESP"]
[BlackTeamCountry "ESP"]

1. e4 e6 2. d4 d5 3. e5 c5 4. Nf3 cxd4 5. Nxd4 Nc6 6. f4 Qb6 7. c3 Bc5 8. Bb5 Bd7 9. Bxc6 Bxc6 10. 0-0 Nh6 11. Kh1 Bxd4 12. cxd4 Nf5 13. Nc3 Qxd4 14. Qh5 Qb6 15. Rd1 Qf2 16. Qe2 Qxe2 17. Nxe2 0-0 18. Nd4 Ne7 19. a4 Rfc8 20. b4 a6 21. Ba3 Bxa4 22. b5 Bxd1 23. Bxe7 Bc2 24. b6 Rc4 25. Nb5 Rxf4 26. Nd6 Bd3 27. Nxb7 Rb8 28. Nc5 Rxb6 29. Nxd3 Re4 30. Bd6 f6 31. Rf1 h6 32. Nc5 Re2 33. Nd7 Rbb2 34. exf6 Rf2 35. Kg1 Rxg2+ 36. Kh1 gxf6 37. Nxf6+ Kh8 38. Ng4 Rbe2 39. Be5+ Kh7 40. Rf7+ Kg6 41. Rg7+ Kf5 42. Nxh6+ Kxe5 43. Rxg2 Re1+ 44. Rg1 Rxg1+ 45. Kxg1 a5 46. Ng4+ Kd4 47. Kf2 a4 48. Ne3 Ke4 49. h4 a3 50. Nc2 a2 51. Ke2 Kf4 52. Kd3 Kg4 53. Kc3 Kxh4 54. Kb2 Kg4 55. Kxa2 Kf4 56. Kb2 e5 57. Kc3 Ke4 58. Kd2 d4 59. Nb4 Kf4 60. Nd3+ Kf5 61. Nxe5 Kxe5 62. Kd3 Kd5 63. Kd2 Ke4 64. Ke2 Kd5 65. Kd3 Kc5 66. Kd2 Kc4 67. Kc2 d3+ 68. Kd2 Kd4 69. Kd1 Kd5 70. Kd2 Ke4 71. Kd1 1/2-1/2